000 00206 a2200097 4500
001 1390
100 _aJensen, A
245 _aApplied strength of materials
260 _a
_bMcgrawhill
_c
090 _c939
_d939
942 _aNUST-CAE
_cM
_c36255
999 _c236463
_d236463